Pobreza y desigualdad : un enfoque multidisciplinario /
Obra colectiva en que se revisan las diversas manifestaciones de la pobreza en México, así como las consecuencias de ésta sobre la sociedad. Entre otros factores, se revisan la salud nutricional de la población de escasos recursos, que puede presentar desnutrición en ciertos grupos, mientras en otro...
Αποθηκεύτηκε σε:
| Κύριος συγγραφέας: | |
|---|---|
| Μορφή: | Βιβλίο |
| Γλώσσα: | Ισπανικά |
| Έκδοση: |
México :
Universidad Iberoamericana, Plantel Santa Fe,
2014, c2014
|
| Θέματα: | |
| Ετικέτες: |
Δεν υπάρχουν, Καταχωρήστε ετικέτα πρώτοι!
|
MARC
| LEADER | 00000nam^a2200000^a^4500 | ||
|---|---|---|---|
| 001 | 000344272 | ||
| 005 | 20250521000000.0 | ||
| 009 | 20260310114645.563 | ||
| 020 | |a 978-607-417-260-7 | ||
| 037 | |a Acervo ITESO - Biblioteca | ||
| 041 | |a ESP | ||
| 082 | |a 362. 50972 |b COT | ||
| 100 | |a Cotler Avalos, Pablo |e (coord. e introd.) | ||
| 245 | 1 | 0 | |a Pobreza y desigualdad : |b un enfoque multidisciplinario / |c Coord. e introd. de P. Cotler Avalos. |
| 264 | 4 | |a México : |b Universidad Iberoamericana, Plantel Santa Fe, |c 2014, c2014 | |
| 300 | |a 266 p. | ||
| 336 | |a texto |b txt |2 rdacontenido | ||
| 337 | |a sin mediación |b n |2 rdamedio | ||
| 338 | |a volumen |b nc |2 rdasoporte | ||
| 520 | |a Obra colectiva en que se revisan las diversas manifestaciones de la pobreza en México, así como las consecuencias de ésta sobre la sociedad. Entre otros factores, se revisan la salud nutricional de la población de escasos recursos, que puede presentar desnutrición en ciertos grupos, mientras en otros se encuentra obesidad causada por una dieta incorrecta; la relación entre educación, acceso a la vivienda, movilidad social y salud con el crecimiento económico; las repercusiones de los programas sociales y la relación de éstos con la democracia. | ||
| 649 | |a XX | ||
| 650 | |a Marginados Sociales - |z México - |x Condiciones Psicológicas | ||
| 650 | |a Pobreza - |z México - |x Aspectos Psicológicos | ||
| 650 | |a Pobreza - |z México - |x Prevención y Atención | ||
| 650 | |a Pobreza - |z México - |x Tema Principal | ||
| 650 | |a Marginación - |z México | ||
| 650 | |a Igualdad y Desigualdad - |z México - |x Tema Principal | ||
| 650 | |a Desnutrición - |z México | ||
| 650 | |a Obesidad - |z México | ||
| 650 | |a Problemas Sociales - |z México | ||
| 650 | |a Educación - |z México - |x Aspectos Económicos | ||
| 650 | |a Democracia - |z México | ||
| 650 | |a Programas Gubernamentales - |z México | ||
| 650 | |a Programas Sociales - |z México | ||
| 650 | |a Política Social - |z México | ||
| 650 | |a Políticas Públicas - |z México | ||
| 910 | |a Fondo General | ||
| 920 | |a Impresos - Libros | ||
| 930 | |a Colección General | ||
| 905 | |a 101 | ||
| 901 | |a 0500234839 |b IT1 |c ACC |i D64213 |u 20250521 | ||
| 902 | |a https://opac.biblio.iteso.mx/vufind/Record/000344272 | ||